| 000 | 00699nam a2200253Ia 4500 | ||
|---|---|---|---|
| 003 | OSt | ||
| 005 | 20221007080209.0 | ||
| 006 | a|||||r|||| 00| 0 | ||
| 007 | ta | ||
| 008 | 221006b |||||||| |||| 00| 0 eng d | ||
| 024 | _a43,838 | ||
| 037 | _cTextual | ||
| 040 |
_aFLL _cFLL _beng |
||
| 041 |
_2eng _aeng |
||
| 082 | _aX72:Z2, Q6 | ||
| 100 | _aSinghania V K | ||
| 245 | 0 | _aDirect taxes law and practice , Assessment year 2017-2018 | |
| 250 | _a57th | ||
| 260 |
_aNew Delhi _bTaxmann Publications Pvt. Ltd. India _c2016 |
||
| 300 |
_a28,1607p _ccm. |
||
| 700 | _a Singhania K | ||
| 942 |
_hX72:Z2, Q6 _cTEXL _2CC |
||
| 999 |
_c1158624 _d1158624 |
||